Introducción al sector público español / María Teresa López López, Alfonso Utrilla de la Hoz ; prólogo: Emilio Albi Ibáñez Emilio Albi Ibáñez
ISBN:
84-470-0088-5
Descripción Física:
453 p. ; 24 cm
MARC
| LEADER | 00000nam a2200000Ia 4500 | ||
|---|---|---|---|
| 001 | 18363 | ||
| 008 | 160829s1992 xx 000 0 cat d | ||
| 020 | |a 84-470-0088-5 | ||
| 080 | |a M-5-306 | ||
| 100 | |a López López, María Teresa |9 26127 | ||
| 245 | |a Introducción al sector público español / María Teresa López López, Alfonso Utrilla de la Hoz ; prólogo: |b Emilio Albi Ibáñez | ||
| 260 | |a Madrid : |b Civitas, |c 1992 | ||
| 300 | |a 453 p. ; |c 24 cm | ||
| 490 | |a Biblioteca Civitas Economía y Empresa. Economía | ||
| 590 | |a Bibliografia | ||
| 650 | 0 | |a Finances públiques |z Espanya |9 18741 | |
| 650 | |a Sector públic |x Espanya |9 26128 | ||
| 650 | 0 | |a Administració pública |z Espanya |9 19075 | |
| 650 | |a Europa |x Integració econòmica |9 26129 | ||
| 700 | |a Utrilla de la Hoz, Alfonso |9 26130 | ||
| 700 | |a Albi Ibáñez, Emilio |9 1906 | ||
| 901 | |a Arxiu | ||
| 942 | |n 1 | ||
| 952 | |0 0 |1 0 |4 0 |6 M5306 |7 1 |9 43891 |a Arxiu |b Arxiu |d 2016-12-01 |l 0 |o M-5-306 |p 18363 |r 2016-12-01 00:00:00 |w 2016-12-01 |y ARXIU | ||
| 999 | |c 46471 |d 46471 | ||